000 00546nam a2200181 i 4500
001 27973
003 ES-MaACL
005 20250203063032.0
007 t|
008 030116s1906 fr ||||1| fre d
100 1 _aArbois de Jubainville, H. d'.
_922404
245 1 4 _aLes druides et les dieux celtiques
_b: áa forme d'animaux /
_cH. d'Arbois de Jubainville.
260 _aParís :
_bLibrairie H. Champion,
_c1906.
650 0 4 _aMitología celta.
_915098
852 _aES-MaACL
_jT-1401-F-2
942 _2udc
999 _c27973
_d27973